NCAAM DII Basketball Logo Quiz: East Coast - Statistics

General Stats
  • This quiz has been taken 4 times
  • The average score is 5 of 9
Answer Stats
Picture Answer % Correct
D'Youville
100%
Daemen
67%
District of Columbia
67%
Queens (NY)
67%
Roberts Wesleyan
67%
Mercy
33%
Molloy
33%
Staten Island
33%
St. Thomas Aquinas
33%
No matching quizzes found
Score Distribution
Percent of People with Each Score
Percentile by Number Answered
Your Score History
You have not taken this quiz